zpět

Detail výsledku týmu

U Lucerny ST, Brno

Datum a čas kvízu

25.5 Celkem bodů Celkový počet nahraných bodů na tomto kvízu bez doplňovacích otázek.
11. Pořadí na kvízu Konečné umístění týmu na tomto kvízu.

Zaznamenané odpovědi

# Otázka Odpověď Body Výsledky
1. Europoslankyně Markéta Gregoro... prcat 1
2. Na fotografii vidíme uměle vyb... v Londýně 1
3. Minulý týden nás zaskočil jede... Karlos Vémola, Lela Ceterová 0
4. Britský supermarket Morrisons... D 1
5. Minulý týden se konalo mistrov... Tallinn 0
6. V cestovatelském seriálu nás č... po Anežce 0
7. Jedním z nejnavštěvovanějších... ZOO 1
8. Jak se nazývá pískovcová skaln... Prachovské skály 0
9. Které z těchto oblíbených zimn... D 1
10. Ve které obci najdeme vyhlášen... v Dětenicích 0